[Event "Internet Section 06A g/8'+2\""]
[Site "Dos Hermanas"]
[Date "2004.03.06"]
[Round "1"]
[White "Aidasani, Yashraj"]
[Black "Sebastian, Johnny"]
[Result "1-0"]
[WhiteElo "2120"]
[BlackElo "1777"]
[PlyCount "61"]
[EventDate "2004.03.06"]
[EventType "swiss (blitz)"]
[EventRounds "9"]
[EventCountry "ESP"]
[SourceTitle "CBM 099 Extra"]
[Source "ChessBase"]
[SourceDate "2004.05.04"]
[SourceVersion "1"]
[SourceVersionDate "2004.05.04"]
[SourceQuality "1"]

1. d4 d5 2. Nf3 Nf6 3. e3 e6 4. Bd3 c5 5. c3 Nc6 6. 0-0 g6 7. Nbd2 Bg7 8. dxc5 0-0 9. b4 a6 10. Bb2 e5 11. e4 dxe4 12. Nxe4 Bg4 13. h3 Bxf3 14. Qxf3 Qe7 15. Nxf6+ Qxf6 16. Qxf6 Bxf6 17. Rad1 Rad8 18. Be4 Rc8 19. Rd7 Rb8 20. Rfd1 Rfd8 21. R1d6 Rxd7 22. Rxd7 Nd8 23. c4 Kf8 24. f4 Ke8 25. Rd1 Be7 26. Bxe5 Rc8 27. a3 f6 28. Bd6 f5 29. Bf3 Nc6 30. Bxc6+ bxc6 31. Re1 1-0

[Event "Internet Section 06A g/8'+2\""]
[Site "Dos Hermanas"]
[Date "2004.03.06"]
[Round "7"]
[White "Aidasani, Yashraj"]
[Black "Tessem, Mathias"]
[Result "1-0"]
[WhiteElo "2120"]
[BlackElo "2156"]
[PlyCount "33"]
[EventDate "2004.03.06"]
[EventType "swiss (blitz)"]
[EventRounds "9"]
[EventCountry "ESP"]
[SourceTitle "CBM 099 Extra"]
[Source "ChessBase"]
[SourceDate "2004.05.04"]
[SourceVersion "1"]
[SourceVersionDate "2004.05.04"]
[SourceQuality "1"]

1. d4 f5 2. Nc3 Nf6 3. Bg5 d5 4. Bxf6 exf6 5. e3 Be6 6. Bd3 Qd7 7. Qf3 Nc6 8. Nge2 Ne7 9. h4 h5 10. Nf4 Bf7 11. 0-0-0 g6 12. Kb1 Bg7 13. Rhe1 c6 14. Na4 b6 15. Nc3 Qb7 16. Qe2 0-0-0 17. Ba6 1-0

[Event "Commonwealth-ch"]
[Site "India"]
[Date "1999.??.??"]
[Round "?"]
[White "Aidasani, Yashraj"]
[Black "Mishra, Neeraj Kumar"]
[Result "0-1"]
[WhiteElo "2170"]
[BlackElo "2363"]
[PlyCount "83"]
[EventDate "1999.??.??"]
[EventType "swiss"]
[EventRounds "10"]
[EventCountry "IND"]
[SourceTitle "EXT 2002"]
[Source "ChessBase"]
[SourceDate "2001.11.25"]
[SourceVersion "1"]
[SourceVersionDate "2001.11.25"]
[SourceQuality "1"]

1. d4 Nf6 2. Nf3 b6 3. e3 Bb7 4. Bd3 e6 5. Nbd2 d5 6. 0-0 Bd6 7. Ne5 0-0 8. Qe2 Nbd7 9. f4 Ne4 10. Ndf3 f6 11. Nxd7 Qxd7 12. b3 a5 13. a3 a4 14. b4 c5 15. bxc5 bxc5 16. c4 cxd4 17. exd4 Bc6 18. c5 Bc7 19. Bd2 Rab8 20. Rfb1 Qe7 21. g3 Nxd2 22. Qxd2 e5 23. Rxb8 Bxb8 24. Re1 e4 25. Nh4 Bc7 26. Qa2 Kh8 27. Ng2 Ba5 28. Re2 Bc3 29. f5 Bxd4+ 30. Kh1 Qd7 31. Bb1 Qxf5 32. Re1 Rb8 33. Qd2 Qf2 34. Qa5 Qb2 35. Qc7 Qb7 36. Qf4 Qxb1 37. Rxb1 Rxb1+ 38. Ne1 Rxe1+ 39. Kg2 Rg1+ 40. Kh3 Bd7+ 41. g4 Be5 42. Qg5 0-1